Andrés Bello

שמור ב:
מידע ביבליוגרפי
מחבר ראשי: Caldera, Rafael
פורמט: ספר
שפה:Undetermined
יצא לאור: Venezuela Monte Avila 1978
נושאים:
תגים: הוספת תג
אין תגיות, היה/י הראשונ/ה לתייג את הרשומה!

MARC

LEADER 00000nam a2200000Ia 4500
008 170316s9999 xx 000 0 und d
040 |a cru BVZT 
090 |a 860 C-6a 
100 |a Caldera, Rafael 
245 |a Andrés Bello 
260 |a Venezuela 
260 |b Monte Avila 
260 |c 1978 
300 |a 255 páginas 
650 |a LITERATURA LATINOAMERICANA 
999 |c 8575  |d 8575 
942 |c 15 D  |h 860 C-6a  |2 z